000
00268nam a2200109Ia 4500
008
200302s9999 xx 000 0 und d
100
_a
J Tart
245
_a
Landscape Planning and Design vol III
260
_b
J Tart Publishing and Media
260
_c
2012
300
_a
351
999
_c
3657
_d
3657